000 00494nam a2200193Ia 4500
003 GCL
008 140319s9999 xx 000 0 eng d
040 _aGCL /
_cGCL
082 0 4 _a370.02
_bF T
100 1 _aFURUKI, YOSHIKO
245 1 0 _aTHE WHITE PLUM: ABIOGRAPHY OF UME TSUDA /
_cFURUKI, YOSHIKO
260 _a[S.N] :
_bWEATHERHILL ،
_c1991
300 _a180 P
650 0 4 _aJAPAN
650 0 4 _aWOMEN
650 0 4 _aISUDA UMEKO 1964 - 1929
650 0 4 _aBIOGRAPHIES
942 _2ddc
_cBK
999 _c19140
_d19140